Debt management of fine dining restaurants in Angono, Rizal calendar year 2020 (Record no. 59186)
[ view plain ]
| 000 -LEADER | |
|---|---|
| fixed length control field | 00873nam a22002297a 4500 |
| 003 - CONTROL NUMBER IDENTIFIER | |
| control field | urs |
| 005 - DATE AND TIME OF LATEST TRANSACTION | |
| control field | 20230810095649.0 |
| 008 - FIXED-LENGTH DATA ELEMENTS--GENERAL INFORMATION | |
| fixed length control field | 221024b |||||||| |||| 00| 0 eng d |
| 100 ## - MAIN ENTRY--PERSONAL NAME | |
| 9 (RLIN) | 2703 |
| Personal name | Cebanico, Halliyah R. |
| Relator term | author |
| 245 ## - TITLE STATEMENT | |
| Title | <a href="Debt management of fine dining restaurants in Angono, Rizal calendar year 2020">Debt management of fine dining restaurants in Angono, Rizal calendar year 2020</a> |
| Statement of responsibility, etc | Halliyah R. Cebanico, Nina T. CeƱidoza, Alyssa Mae G. Fermin |
| 260 ## - PUBLICATION, DISTRIBUTION, ETC. (IMPRINT) | |
| Date of publication, distribution, etc | 2021 |
| 300 ## - PHYSICAL DESCRIPTION | |
| Extent | xiii, 79 leaves |
| Dimensions | 28 cm. |
| 336 ## - CONTENT TYPE | |
| Source | rdacontent |
| Content type term | text |
| 337 ## - MEDIA TYPE | |
| Source | rdamedia |
| Media type term | unmediated |
| 338 ## - CARRIER TYPE | |
| Source | rdasource |
| Carrier type term | volume |
| 502 ## - DISSERTATION NOTE | |
| Dissertation note | Thesis |
| Degree type | Bachelor of Science in Accountancy |
| Name of granting institution | University of Rizal System, Binangonan |
| Year degree granted | 2021 |
| 504 ## - BIBLIOGRAPHY, ETC. NOTE | |
| Bibliography, etc | Includes bibliographical references. |
| 700 ## - ADDED ENTRY--PERSONAL NAME | |
| 9 (RLIN) | 2704 |
| Personal name | CeƱidoza, Nina T. |
| Relator term | author |
| 700 ## - ADDED ENTRY--PERSONAL NAME | |
| 9 (RLIN) | 2705 |
| Personal name | Fermin, Alyssa Mae G. |
| Relator term | author |
| 700 ## - ADDED ENTRY--PERSONAL NAME | |
| Personal name | Aldrin B. Boca, M.Ed.CDII Cand. |
| Relator term | adviser |
| 9 (RLIN) | 2669 |
| 942 ## - ADDED ENTRY ELEMENTS (KOHA) | |
| Source of classification or shelving scheme | Library of Congress Classification |
| Koha item type | Theses and dissertations |
| Withdrawn status | Source of classification or shelving scheme | Damaged status | Not for loan | Home library | Current library | Date acquired | Total Checkouts | Barcode | Date last seen | Price effective from | Koha item type |
|---|---|---|---|---|---|---|---|---|---|---|---|
| Library of Congress Classification | Binangonan College Library | Binangonan College Library | 10/24/2022 | URSBIN-UGT2534 | 10/24/2022 | 10/24/2022 | Theses and dissertations |